Ảnh hưởng của tỷ giá hối đoái đến kim ngạch xuất khẩu thủy sản của Việt Nam : Luận văn tốt nghiệp Cao học. Chuyên ngành Tài chính - Ngân hàng
Nghiên cứu đo lường mức độ ảnh hưởng của tỷ giá hối đoái đến kim ngạch xuất khẩu thủy sản của Việt Nam, trên cơ sở đó đề xuất một số khuyến nghị về chính sách tỷ giá nhằm gia tăng kim ngạch xuất khẩu thủy sản Việt Nam....
সংরক্ষণ করুন:
| প্রধান লেখক: | |
|---|---|
| বিন্যাস: | গ্রন্থ |
| ভাষা: | Undetermined |
| প্রকাশিত: |
Cần Thơ
Trường Đại Học Cần Thơ
2019
|
| বিষয়গুলি: | |
| ট্যাগগুলো: |
ট্যাগ যুক্ত করুন
কোনো ট্যাগ নেই, প্রথমজন হিসাবে ট্যাগ করুন!
|
| Thư viện lưu trữ: | Trung tâm Học liệu Trường Đại học Cần Thơ |
|---|
| LEADER | 01191nam a2200205Ia 4500 | ||
|---|---|---|---|
| 001 | CTU_231487 | ||
| 008 | 210402s9999 xx 000 0 und d | ||
| 082 | |a 332.456 | ||
| 082 | |b T527 | ||
| 088 | |a 8340201 | ||
| 100 | |a Huỳnh, Thủy Tuyên | ||
| 245 | 0 | |a Ảnh hưởng của tỷ giá hối đoái đến kim ngạch xuất khẩu thủy sản của Việt Nam : | |
| 245 | 0 | |b Luận văn tốt nghiệp Cao học. Chuyên ngành Tài chính - Ngân hàng | |
| 245 | 0 | |c Huỳnh Thủy Tuyên ; Trương Đông Lộc (Cán bộ hướng dẫn) | |
| 260 | |a Cần Thơ | ||
| 260 | |b Trường Đại Học Cần Thơ | ||
| 260 | |c 2019 | ||
| 520 | |a Nghiên cứu đo lường mức độ ảnh hưởng của tỷ giá hối đoái đến kim ngạch xuất khẩu thủy sản của Việt Nam, trên cơ sở đó đề xuất một số khuyến nghị về chính sách tỷ giá nhằm gia tăng kim ngạch xuất khẩu thủy sản Việt Nam. | ||
| 650 | |a Tỷ giá hối đoái,Foreign exchange rates | ||
| 980 | |a Trung tâm Học liệu Trường Đại học Cần Thơ | ||